ARRUPE JESUIT UNIVERSITY

CORONAVIRUS -STOP THE SPREAD - CLEAN,DISINFECT,COVER

Select bibliography of South African native life and problems. (Record no. 65467)

MARC details
000 -LEADER
fixed length control field 01237cam a22003131 4500
001 - CONTROL NUMBER
control field 7849400
003 - CONTROL NUMBER IDENTIFIER
control field ARRUPE
005 - DATE AND TIME OF LATEST TRANSACTION
control field 20170529102210.0
008 - FIXED-LENGTH DATA ELEMENTS--GENERAL INFORMATION
fixed length control field 740610s1941 enk b 000 0 eng c
010 ## - LIBRARY OF CONGRESS CONTROL NUMBER
LC control number a 41004341
035 ## - SYSTEM CONTROL NUMBER
System control number (OCoLC)912246
040 ## - CATALOGING SOURCE
Original cataloging agency Harvard Univ. Library
Transcribing agency OClW
Modifying agency OCoLC
-- DLC
042 ## - AUTHENTICATION CODE
Authentication code premarc
050 00 - LIBRARY OF CONGRESS CALL NUMBER
Classification number Z5113
Item number .S3
082 ## - DEWEY DECIMAL CLASSIFICATION NUMBER
Classification number 016.572968
300 ## - PHYSICAL DESCRIPTION
Dimensions 25 cm.
100 1# - MAIN ENTRY--PERSONAL NAME
Personal name Schapera, Isaac,
Dates associated with a name 1905-2003,
Relator term ed.
9 (RLIN) 31216
245 10 - TITLE STATEMENT
Title Select bibliography of South African native life and problems.
Statement of responsibility, etc Compiled for the Inter-university Committee for African Studies under the direction of I. Schapera.
260 ## - PUBLICATION, DISTRIBUTION, ETC. (IMPRINT)
Place of publication, distribution, etc London,
Name of publisher, distributor, etc Oxford University Press,
Date of publication, distribution, etc 1941.
300 ## - PHYSICAL DESCRIPTION
Extent xii, 249 p.
650 #0 - SUBJECT ADDED ENTRY--TOPICAL TERM
Topical term or geographic name as entry element Ethnology
Geographic subdivision South Africa
Form subdivision Bibliography.
9 (RLIN) 31217
650 #0 - SUBJECT ADDED ENTRY--TOPICAL TERM
Topical term or geographic name as entry element Indigenous peoples
Geographic subdivision South Africa
Form subdivision Bibliography.
9 (RLIN) 31218
651 #0 - SUBJECT ADDED ENTRY--GEOGRAPHIC NAME
Geographic name South Africa
General subdivision Antiquities
Form subdivision Bibliography.
9 (RLIN) 31219
651 #0 - SUBJECT ADDED ENTRY--GEOGRAPHIC NAME
Geographic name South Africa
General subdivision Languages
Form subdivision Bibliography.
9 (RLIN) 31220
651 #0 - SUBJECT ADDED ENTRY--GEOGRAPHIC NAME
Geographic name South Africa
Form subdivision Bibliography.
9 (RLIN) 31221
710 2# - ADDED ENTRY--CORPORATE NAME
Corporate name or jurisdiction name as entry element Inter-university Committee for African Studies.
9 (RLIN) 31222
710 2# - ADDED ENTRY--CORPORATE NAME
Corporate name or jurisdiction name as entry element University of Cape Town.
Subordinate unit School of Librarianship.
9 (RLIN) 31223
906 ## - LOCAL DATA ELEMENT F, LDF (RLIN)
a 7
b cbc
c oclcrpl
d u
e ncip
f 19
g y-gencatlg
942 ## - ADDED ENTRY ELEMENTS (KOHA)
Source of classification or shelving scheme Library of Congress Classification
Koha item type Monograph ( Printed materials)
Holdings
Withdrawn status Lost status Source of classification or shelving scheme Damaged status Not for loan Collection code Home library Current library Shelving location Date acquired Total Checkouts Full call number Barcode Date last seen Copy number Price effective from Koha item type
    Library of Congress Classification     Main Collection ARRUPE LIBRARY ARRUPE LIBRARY   05/03/2013   DT1754.S299 46004002796 07/12/2017 1 05/03/2013 Monograph ( Printed materials)

 

Arrupe Library. PO Box MP320 Mt Pleasant, Harare, Zimbabwe
263 242 745411|librarian@aju.ac.zw